[Event "Ostrava Konik op"]
[Site "Ostrava"]
[Date "2014.05.03"]
[Round "8"]
[White "Kosar, Attila"]
[Black "Sumsal, Vaclav"]
[Result "1/2-1/2"]
[WhiteElo "1831"]
[BlackElo "1657"]
[PlyCount "20"]
[EventDate "2014.04.26"]
[EventType "swiss"]
[EventRounds "9"]
[EventCountry "CZE"]
[SourceTitle "CBM 160 Extra"]
[Source "ChessBase"]
[SourceDate "2014.07.01"]
[SourceVersion "1"]
[SourceVersionDate "2014.07.01"]
[SourceQuality "1"]

1. e4 c6 2. Nf3 d5 3. exd5 cxd5 4. d4 Nc6 5. Bb5 Bd7 6. 0-0 e6 7. c3 Nf6 8. Bf4 Be7 9. Qd3 h6 10. Nbd2 Rc8 1/2-1/2